Integrated skills (upper intermediate) Workbook with answer key

This book represents a new approach to skills teaching and which integrated skills activities bring together reading, writing, listening and speaking in a natural and realistic way. It contains: Grammar practice and vocabulary building; Reading comprehensive; Composition and guided writing; Listenin...

Descrizione completa

Salvato in:
Dettagli Bibliografici
Autore principale: Jan Bell
Natura: Libro
Lingua:Undetermined
Pubblicazione: London Heineman 1992
Soggetti:
Tags: Aggiungi Tag
Nessun Tag, puoi essere il primo ad aggiungerne! !
Thư viện lưu trữ: Trung tâm Học liệu Trường Đại học Cần Thơ
LEADER 01012nam a2200217Ia 4500
001 CTU_15007
008 210402s9999 xx 000 0 und d
020 |b 12.41df 
082 |a 425.076 
082 |b B433 
100 |a Jan Bell 
245 0 |a Integrated skills (upper intermediate) 
245 0 |b Workbook with answer key 
245 0 |c Jan Bell, Bruce Milne, Philip Prowse 
260 |a London 
260 |b Heineman 
260 |c 1992 
520 |a This book represents a new approach to skills teaching and which integrated skills activities bring together reading, writing, listening and speaking in a natural and realistic way. It contains: Grammar practice and vocabulary building; Reading comprehensive; Composition and guided writing; Listening comprehension; Includes exercises useful for the First Certificate Examination; Self-study edition with answer key 
650 |a english language - study and teaching 
904 |i Minh, 970107 
980 |a Trung tâm Học liệu Trường Đại học Cần Thơ